Statistiche per Quiz sulla città di Napoli

Clicka qui per fare il quiz!

Statistiche generali

  • Questo quiz è stato fatto 531 volte
  • Il punteggio medio è 17 su 30

Statistiche sulle risposte

CategoriaDescrizioneRisposta% Corretto
GeografiaRegione di NapoliCampania
97%
GeografiaVulcano che domina la città di NapoliVesuvio
97%
GeografiaPiù grande isole del Golfo di NapoliCapri
89%
GeografiaFrazione del Mediterraneo su quale si trova la cittàMar {Tirreno}
89%
GeografiaPiù grande isole del Golfo di NapoliIschia
87%
CulturaFamoso piatto napoletano ai colori della bandiera italianaPizza {Margherita}
85%
StoriaAntiche città le più famose completamente distrutte dall'eruzione vulcanica del 79 A.D.Pompei
84%
StoriaNapoli fu capitale di questo stato tra il 1817 e il 1861Regno delle {Due} {Sicilie}
83%
Napoletani famosiEx-calciatore argentino che è diventato cittadino onorario di Napoli nel 2017Diego Maradona
81%
CulturaNome della mafia napoletanaCamorra
80%
GeografiaZona attorno a Napoli con alta attività vulcanicaCampi {Flegrei}
78%
MonumentiPiazza maggiore di NapoliPiazza del {Plebiscito}
77%
CulturaMaschere napoletane della Commedia dell'artePulcinella
76%
MonumentiPiù antica fortezza di NapoliCastel dell'{Ovo}
72%
StoriaAntiche città le più famose completamente distrutte dall'eruzione vulcanica del 79 A.D.Ercolano
70%
CulturaStrumento a corde tipicamente associato a Napoli e al Sud dell'Italia in generaleMandolino
70%
Napoletani famosiAttore napoletano, di vero nome Antonio De Curtis (1898-1967)Totò
70%
CulturaLiquore prodotto nella vicina Penisola SorrentinaLimoncello
63%
Napoletani famosiFamoso cantautore napoletano (1955-2015)Pino Daniele
63%
StoriaImpero che ha preso controllo della città nel 1503Impero spagnolo
43%
GeografiaIsola del Golfo di Napoli quasi perfettamente rotondaNisida
36%
MonumentiFamosa scuola militareNunziatella
32%
Napoletani famosiTenore considerato uno dei più importanti cantanti di opera della storiaEnrico Caruso
31%
StoriaColonia greca fondata nel VIII secolo a.C. che diventò NeapolisPartènope
27%
CulturaStile di opera comica napoletanaOpera {buffa}
16%
MonumentiRegione costiera rinomata per le sue numerose ville di stile barocco{Miglio} d'Oro
10%
MonumentiFontana maestosa vicino a questo castelloFontana del {Gigante}
9%
CulturaMaschere napoletane della Commedia dell'arteTartaglia
7%
CulturaMaschere napoletane della Commedia dell'arteScaramuccia
6%
CulturaMaschere napoletane della Commedia dell'arteCoviello
2%

Distribuzione punteggi

Percentile per numero di risposta

Percentuale di utenti per punteggio

I tuoi punteggi nel tempo

Non hai fatto questo quiz